000 00449cam a2200169ua 4500
001 5682
008 131008n ii |||gr||||Z||||||eng
040 _cMAIN
082 _a954.162
100 _aDutt,K.N,
_eAuthor.
245 _aLandmarks of The Freedom Stuggle In AssaM
_cbY K.N.Dutt
260 _aGauhati:
_bLawyers Book Stall,
_c1969.
300 _a139p.
653 _aHistory
653 _aLandmarks Of The Freedom Struggle In Assam
942 _cBK
999 _c4841
_d4841